| 000 | 01104nam a2200301 i 4500 | ||
|---|---|---|---|
| 001 | 189256 | ||
| 003 | ES-MaACL | ||
| 005 | 20240105150921.0 | ||
| 008 | 190430s1995 sp c |||| |dspa d | ||
| 020 | _a84-7492-981-4 | ||
| 080 | _a316.2 Arenal, Concepción | ||
| 080 | _a396(460)"18" | ||
| 100 | 1 |
_aSantalla López, Manuela. _9166902 |
|
| 245 | 1 | 0 |
_aConcepción Arenal y el feminismo católico español / _cManuela Santalla López. |
| 260 |
_aSada, A Coruña : _bEdiciós do Castro, _c1995. |
||
| 300 |
_a210 p. : _b1 retr. ; _c19 cm. |
||
| 490 | 1 | _aEnsaio | |
| 504 | _aBibliografía: p. 201-210. | ||
| 505 | 8 | _aContiene: Apéndice: Notas sobre el asociacionismo femenino ferrolano | |
| 600 | 1 | 4 |
_aArenal, Concepción, _d1820-1893 _922591 |
| 650 | 4 |
_aFeminismo- _zEspaña- _yS.XIX. _9166950 |
|
| 830 | 1 |
_aEnsaio _9179268 |
|
| 852 |
_aES-MaACL _jA-14546 _9196394 _bR.152016 _cDEPO1 _dOlim: N-7546 _hDonación: Manuela Santalla López |
||
| 903 |
_9166902 _aSantalla López, Manuela _ednr |
||
| 942 |
_2udc _cMONOGRAFIA |
||
| 999 |
_c189256 _d189256 |
||